000
00317nam a22001337a 4500
008
180907b xxu||||| |||| 00| 0 eng d
020
_a
9780786865222
041
_a
eng
080
_a
321
100
_a
21
101
_a
POL
245
_a
Betrayal The Colapse Public Health Of Trust
_c
Garret.L
942
_2
udc
_c
BK
999
_c
47609
_d
47609